Integrated watershed approach for natural resource management (Record no. 13794)
[ view plain ]
| 000 -LEADER | |
|---|---|
| fixed length control field | 00405nam a22001577a 4500 |
| 020 ## - INTERNATIONAL STANDARD BOOK NUMBER | |
| ISBN | 9788183212144 |
| 082 ## - DEWEY DECIMAL CLASSIFICATION NUMBER | |
| Classification number | 551.492 |
| Item number | KAD/IN |
| 245 ## - TITLE STATEMENT | |
| Title | Integrated watershed approach for natural resource management |
| 260 ## - PUBLICATION, DISTRIBUTION, ETC. (IMPRINT) | |
| Place of publication | Udaipur |
| Name of publisher | Agrotech Publishing Agency |
| Year of publication | 2011 |
| 300 ## - PHYSICAL DESCRIPTION | |
| Number of Pages | 264p |
| 700 ## - ADDED ENTRY--PERSONAL NAME | |
| Personal name | Kadale, A.S |
| 700 ## - ADDED ENTRY--PERSONAL NAME | |
| Personal name | Pendke, M.S |
| 700 ## - ADDED ENTRY--PERSONAL NAME | |
| Personal name | Payal,S.D |
| 700 ## - ADDED ENTRY--PERSONAL NAME | |
| Personal name | Waghmare, A.A |
| 942 ## - ADDED ENTRY ELEMENTS (KOHA) | |
| Koha item type | Books |
| Withdrawn status | Lost status | Damaged status | Collection code | Home library | Current library | Shelving location | Date acquired | Source of acquisition | Cost, normal purchase price | Full call number | Accession Number | Koha item type |
|---|---|---|---|---|---|---|---|---|---|---|---|---|
| Non-fiction | KAUAET | KAUAET | General Stacks | 31/03/2012 | International Books & Periodicals Supply Service, Delhi | 1180.00 | 551.492 KAD/IN | 23425 | Books |
